[Event "Skopje U2200 op"]
[Site "Skopje"]
[Date "2017.12.10"]
[Round "7"]
[White "Nikolovski, Martin"]
[Black "Milanovic, Maja"]
[Result "1-0"]
[WhiteElo "1837"]
[BlackElo "1918"]
[PlyCount "67"]
[EventDate "2017.12.07"]
[EventType "swiss"]
[EventRounds "7"]
[EventCountry "MKD"]
[SourceTitle "CBM 182 Extra"]
[Source "ChessBase"]
[SourceDate "2018.02.23"]
[SourceVersion "1"]
[SourceVersionDate "2018.02.23"]
[SourceQuality "1"]

1. c4 e5 2. g3 Nc6 3. Bg2 g6 4. Nc3 Bg7 5. e3 d6 6. Nge2 Be6 7. b3 Qd7 8. h3 Nge7 9. a3 0-0 10. Bb2 f5 11. 0-0 f4 12. exf4 Bxh3 13. d4 Bxg2 14. Kxg2 exf4 15. Nxf4 Nxd4 16. Ncd5 c5 17. Nxe7+ Qxe7 18. Re1 Qf7 19. Bxd4 Bxd4 20. Ra2 Be5 21. Nd5 Rae8 22. Rae2 Qf3+ 23. Kg1 Rf5 24. Ne3 Rh5 25. Qd5+ Qxd5 26. Nxd5 Rf8 27. Kg2 Kg7 28. f4 Bf6 29. Nxf6 Kxf6 30. g4 Rh4 31. Kg3 g5 32. Re6+ Kf7 33. fxg5 Rh1 34. Re7+ 1-0

[Event "FRM-chT 16th"]
[Site "Ohrid"]
[Date "2017.07.27"]
[Round "4.6"]
[White "Nikolovski, Martin"]
[Black "Risteski, Emil"]
[Result "1/2-1/2"]
[WhiteElo "1811"]
[BlackElo "1867"]
[PlyCount "130"]
[EventDate "2017.07.24"]
[EventType "team-tourn"]
[EventRounds "5"]
[EventCountry "MKD"]
[SourceTitle "CBM 179 Extra"]
[Source "ChessBase"]
[SourceDate "2017.08.23"]
[SourceVersion "1"]
[SourceVersionDate "2017.08.23"]
[SourceQuality "1"]
[WhiteTeam "Prilep"]
[BlackTeam "Skopje Gambit Asseko"]
[WhiteTeamCountry "MKD"]
[BlackTeamCountry "MKD"]

1. e4 c5 2. Nf3 d6 3. c3 Nf6 4. h3 Nbd7 5. Bd3 g6 6. Bc2 Bg7 7. 0-0 0-0 8. d4 Qc7 9. Re1 Rd8 10. Nbd2 b5 11. Nf1 Bb7 12. Ng3 Rac8 13. Bd3 b4 14. cxb4 cxd4 15. Nxd4 d5 16. Nb5 Qb8 17. Bf1 Nxe4 18. Nxe4 dxe4 19. Qb3 Ne5 20. Nc3 Nd3 21. Rd1 Nxc1 22. Raxc1 Bd4 23. Ne2 Bb6 24. Qg3 Qxg3 25. Nxg3 Rxc1 26. Rxc1 e3 27. a4 exf2+ 28. Kh2 Rc8 29. Rxc8+ Bxc8 30. Ne4 Bd7 31. a5 Bd4 32. Kg3 h5 33. Nxf2 h4+ 34. Kf3 Bc6+ 35. Ke2 Bxb2 36. Kd2 e5 37. Nd1 Bd4 38. Nc3 Bxc3+ 39. Kxc3 Kf8 40. Kc4 Ke7 41. Kc5 Kd7 42. b5 Bb7 43. b6 axb6+ 44. Kxb6 Bd5 45. a6 Kd6 46. a7 e4 47. Ba6 e3 48. Bb7 Bxb7 49. Kxb7 e2 50. a8Q e1Q 51. Qd8+ Kc5 52. Qc7+ Kd4 53. Qxf7 Qe4+ 54. Kc7 Qe5+ 55. Kd7 g5 56. Qf3 Qd5+ 57. Qxd5+ Kxd5 58. Ke7 Ke5 59. Kf7 Kf5 60. Kg7 g4 61. hxg4+ Kg5 62. Kf7 Kxg4 63. Kg6 Kg3 64. Kg5 h3 65. gxh3 Kxh3 1/2-1/2

[Event "FRM-chT 16th"]
[Site "Ohrid"]
[Date "2017.07.25"]
[Round "2.6"]
[White "Nikolovski, Martin"]
[Black "Cvetkovski, Slobodan"]
[Result "1-0"]
[WhiteElo "1811"]
[BlackElo "1829"]
[PlyCount "49"]
[EventDate "2017.07.24"]
[EventType "team-tourn"]
[EventRounds "5"]
[EventCountry "MKD"]
[SourceTitle "CBM 179 Extra"]
[Source "ChessBase"]
[SourceDate "2017.08.23"]
[SourceVersion "1"]
[SourceVersionDate "2017.08.23"]
[SourceQuality "1"]
[WhiteTeam "Prilep"]
[BlackTeam "Skopje Karposh"]
[WhiteTeamCountry "MKD"]
[BlackTeamCountry "MKD"]

1. e4 e6 2. Nf3 d5 3. exd5 exd5 4. d4 Nc6 5. c3 Bg4 6. Be2 Bd6 7. 0-0 Nf6 8. Re1 0-0 9. Bg5 Re8 10. Nbd2 h6 11. Bh4 g5 12. Bg3 Bxg3 13. hxg3 Ne4 14. Nxe4 Rxe4 15. Nd2 Bxe2 16. Rxe2 Rxe2 17. Qxe2 Qd7 18. Re1 Kf8 19. Qb5 b6 20. Nf1 a6 21. Qd3 Ne7 22. Qh7 Qd6 23. Ne3 Qf6 24. Ng4 Qg7 25. Qxg7+ 1-0

[Event "FRM-chT 25th"]
[Site "Ohrid"]
[Date "2016.08.08"]
[Round "1.3"]
[White "Nikolovski, Martin"]
[Black "Kukov, Tode"]
[Result "0-1"]
[WhiteElo "1805"]
[BlackElo "2124"]
[PlyCount "126"]
[EventDate "2016.08.08"]
[EventType "team-tourn"]
[EventRounds "5"]
[EventCountry "MKD"]
[SourceTitle "CBM 173 Extra"]
[Source "ChessBase"]
[SourceDate "2016.08.29"]
[SourceVersion "1"]
[SourceVersionDate "2016.08.29"]
[SourceQuality "1"]
[WhiteTeam "Prilep"]
[BlackTeam "Skopje Karposh"]
[WhiteTeamCountry "MKD"]
[BlackTeamCountry "MKD"]

1. e4 c5 2. Nf3 Nc6 3. d4 cxd4 4. Nxd4 e5 5. Nxc6 bxc6 6. Bc4 Nf6 7. Nc3 Bc5 8. 0-0 d6 9. Bg5 h6 10. Bh4 g5 11. Bg3 Bd4 12. Qe1 h5 13. h3 h4 14. Bh2 g4 15. hxg4 Nxg4 16. Rd1 Qg5 17. Qd2 Ne3 18. f4 Nxc4+ 19. Qxd4 exd4 20. fxg5 dxc3 21. Rd4 Be6 22. b3 Ne3 23. Rf3 Nxc2 24. Rxd6 Rd8 25. Rxd8+ Kxd8 26. Rxc3 Nb4 27. a3 Na2 28. Rxc6 Bxb3 29. Ra6 Rh5 30. Bf4 Nc3 31. Kh2 Nxe4 32. Rh6 Bd1 33. Ra6 Bg4 34. Rxa7 Bd7 35. Ra5 Bc6 36. Rf5 f6 37. a4 fxg5 38. Be3 Rh7 39. Bxg5+ Nxg5 40. Rxg5 Bxa4 41. Ra5 Bd7 42. Ra2 Ke7 43. Rb2 Kf6 44. Ra2 Bf5 45. Rb2 Kg5 46. Ra2 Rc7 47. Rb2 Kf4 48. Rf2+ Kg4 49. Rb2 Rc4 50. Ra2 Rc2 51. Ra4+ Kg5 52. Kg1 Re2 53. Ra8 Rxg2+ 54. Kh1 Rb2 55. Ra4 Re2 56. Ra5 Kg4 57. Ra7 Kg3 58. Ra3+ Kf4 59. Ra7 Be4+ 60. Kg1 h3 61. Rf7+ Bf5 62. Kh1 Kg3 63. Rg7+ Bg4 0-1

[Event "Skopje Karposh op"]
[Site "Skopje"]
[Date "2015.04.02"]
[Round "8"]
[White "Nikolovski, Martin"]
[Black "Stosevski, Ilja"]
[Result "1/2-1/2"]
[WhiteElo "1795"]
[BlackElo "2096"]
[PlyCount "62"]
[EventDate "2015.03.27"]
[EventType "swiss"]
[EventRounds "9"]
[EventCountry "MKD"]
[SourceTitle "CBM 165 Extra"]
[Source "ChessBase"]
[SourceDate "2015.04.21"]
[SourceVersion "1"]
[SourceVersionDate "2015.04.21"]
[SourceQuality "1"]

1. c4 g6 2. Nc3 Bg7 3. g3 e5 4. Bg2 Nc6 5. e4 Nge7 6. Nge2 d6 7. d3 0-0 8. 0-0 f5 9. f4 Nd4 10. Be3 Kh8 11. Qd2 Be6 12. fxe5 dxe5 13. Nd5 c6 14. Nxe7 Qxe7 15. Nxd4 exd4 16. Bf4 fxe4 17. Bxe4 Bh3 18. Bg2 Qd7 19. Rae1 Rae8 20. Rxe8 Rxe8 21. Bxh3 Qxh3 22. Re1 Rf8 23. Qg2 Qf5 24. Qe4 Qa5 25. Bd6 Rg8 26. b4 Qd8 27. Qe7 Qc8 28. Be5 h5 29. Bxg7+ Rxg7 30. Qe8+ Qxe8 31. Rxe8+ Kh7 1/2-1/2

[Event "Skopje Karposh op"]
[Site "Skopje"]
[Date "2015.03.30"]
[Round "5"]
[White "Spirliadis, Achileas"]
[Black "Nikolovski, Martin"]
[Result "1-0"]
[WhiteElo "2087"]
[BlackElo "1795"]
[PlyCount "65"]
[EventDate "2015.03.27"]
[EventType "swiss"]
[EventRounds "9"]
[EventCountry "MKD"]
[SourceTitle "CBM 165 Extra"]
[Source "ChessBase"]
[SourceDate "2015.04.21"]
[SourceVersion "1"]
[SourceVersionDate "2015.04.21"]
[SourceQuality "1"]

1. e4 e5 2. Nc3 Nf6 3. Bc4 Bc5 4. d3 d6 5. Be3 Bg4 6. Qd2 Bxe3 7. Qxe3 Nc6 8. Nge2 Na5 9. Bb3 Nxb3 10. axb3 a6 11. 0-0 0-0 12. f4 exf4 13. Nxf4 Nd7 14. Qg3 Be6 15. Nh5 g6 16. d4 Kh8 17. Nf4 Nb6 18. d5 Bd7 19. Nce2 Qe7 20. Qc3+ Kg8 21. Qxc7 Nc8 22. Qxb7 Na7 23. Qb4 Nb5 24. Ng3 f5 25. Rae1 a5 26. Qd2 fxe4 27. c4 e3 28. Rxe3 Qg5 29. cxb5 Rxf4 30. Rxf4 Qxf4 31. Re8+ Rxe8 32. Qxf4 Bxb5 33. Qxd6 1-0

[Event "Skopje Karposh op"]
[Site "Skopje"]
[Date "2015.03.29"]
[Round "4"]
[White "Nikolovski, Martin"]
[Black "Hadzi Manev, Ljubomir"]
[Result "1/2-1/2"]
[WhiteElo "1795"]
[BlackElo "2016"]
[PlyCount "108"]
[EventDate "2015.03.27"]
[EventType "swiss"]
[EventRounds "9"]
[EventCountry "MKD"]
[SourceTitle "CBM 165 Extra"]
[Source "ChessBase"]
[SourceDate "2015.04.21"]
[SourceVersion "1"]
[SourceVersionDate "2015.04.21"]
[SourceQuality "1"]

1. c4 e6 2. Nc3 d5 3. d4 c5 4. dxc5 d4 5. Ne4 Bxc5 6. Nxc5 Qa5+ 7. Bd2 Qxc5 8. e3 dxe3 9. Bxe3 Qb4+ 10. Qd2 Nc6 11. Nf3 Nf6 12. Rc1 Qxd2+ 13. Nxd2 0-0 14. Be2 e5 15. 0-0 Bf5 16. Rfd1 Rfd8 17. Nf3 Ng4 18. Bd2 e4 19. Nh4 Be6 20. f3 Nd4 21. Bf1 exf3 22. gxf3 Ne5 23. Kf2 Ndc6 24. b3 f6 25. Ng2 Nd4 26. Be2 Bf5 27. Be3 Nxe2 28. Kxe2 Bd3+ 29. Kf2 g5 30. Rd2 Rd7 31. Rcd1 b6 32. Ne1 Rad8 33. c5 bxc5 34. Bxc5 a6 35. Bb6 Rb8 36. Nxd3 Nxd3+ 37. Rxd3 Rxd3 38. Rxd3 Rxb6 39. Rd7 Rc6 40. Kg3 h5 41. h4 Rc2 42. hxg5 fxg5 43. Rd5 Rxa2 44. Rxg5+ Kf7 45. Rxh5 Rb2 46. Ra5 Rxb3 47. Rxa6 Rb1 48. f4 Rg1+ 49. Kf3 Rb1 50. Kg4 Rb5 51. Rc6 Ra5 52. Rb6 Rc5 53. f5 Rc1 54. Kg5 Rg1+ 1/2-1/2

[Event "Skopje Karposh op"]
[Site "Skopje"]
[Date "2014.04.03"]
[Round "7"]
[White "Markovski, Velo"]
[Black "Nikolovski, Martin"]
[Result "1-0"]
[WhiteElo "2017"]
[BlackElo "1761"]
[PlyCount "87"]
[EventDate "2014.03.29"]
[EventType "swiss"]
[EventRounds "9"]
[EventCountry "MKD"]
[SourceTitle "CBM 159 Extra"]
[Source "ChessBase"]
[SourceDate "2014.04.24"]
[SourceVersion "1"]
[SourceVersionDate "2014.04.24"]
[SourceQuality "1"]

1. e4 d5 2. exd5 Qxd5 3. Nc3 Qa5 4. Bc4 e6 5. d3 c6 6. Bd2 Qd8 7. Qe2 Nf6 8. h4 Be7 9. Nh3 Nbd7 10. Ng5 Nb6 11. Bb3 a5 12. a4 Nbd5 13. g4 b5 14. Qf3 b4 15. Nce4 Bb7 16. Nxf7 Kxf7 17. g5 Ke8 18. gxf6 gxf6 19. Rg1 f5 20. Ng5 Qd6 21. 0-0-0 Bxg5 22. Rxg5 Kd8 23. Rg7 Kc8 24. Re1 c5 25. Qe2 Re8 26. Qh5 Bc6 27. Bxd5 Qxd5 28. Qxh7 Bd7 29. b3 e5 30. Re7 e4 31. Rxe8+ Bxe8 32. dxe4 Qd4 33. Be3 Qa1+ 34. Kd2 Qc3+ 35. Kd1 fxe4 36. Qxe4 Bh5+ 37. f3 Ra7 38. Qc6+ Rc7 39. Qa8+ Kd7 40. Qd5+ Kc8 41. Qxh5 Rd7+ 42. Ke2 Qxc2+ 43. Kf1 Qxb3 44. Qe8+ 1-0